000 01059 a2200241 4500
005 20080903105032.0
008 080903t xxu||||| |||| 00| 0 hin d
010 _aHIN-78891
020 _c90.00
035 _aHN-51237
037 _bD.B.Act / pub
082 _a
100 _aकैन, रामकृष्ण (दीपक)
245 _aलिफ्ट
_cरामकृष्ण कैन (दीपक)
246 _aLift
_bby Ramkrishan kaen
260 _aदिल्ली
_bनवभारत प्रकाशन
_c2006
270 _aडी-626,गली नं.1,अशोक नगर(निकट ललिता मंदिर)शाहदरा
_bदिल्ली
_e110093
300 _a80पृ
_c22सेमी (सजिल्द)
650 _aउपन्यास
650 _aNovel
942 _adpl
_cHN
_kउ / कैनरा
_2ddc
_h
_mकैनरा
999 _c955
_d955